| 000 | 00000nam 2200000za 4500 |
| 001 | 9.843539 |
| 003 | CaOODSP |
| 005 | 20221107152538 |
| 007 | cr ||||||||||| |
| 008 | 170913s1948 onc |o f|0| 0 eng d |
| 040 | |aCaOODSP|beng |
| 043 | |an-cn--- |
| 086 | 1 |aCS62-D-95/1948E-PDF |
| 245 | 00|aStatistical memorandum on prices, price indexes and other data |h[electronic resource] / |cprepared by the Dominion Bureau of Statistics. |
| 260 | |a[Ottawa] : |bDominion Bureau of Statistics, |c1948. |
| 300 | |a[101] p. : |bcharts. |
| 500 | |aDigitized edition from print [produced by Statistics Canada]. |
| 500 | |aCover title. |
| 500 | |a"February 9, 1948." |
| 692 | 07|2gccst|aPrice indexes |
| 692 | 07|2gccst|aPublic accounts |
| 692 | 07|2gccst|aEconomic conditions |
| 710 | 1 |aCanada. |bDominion Bureau of Statistics. |
| 856 | 40|qPDF|s11.73 MB|uhttps://publications.gc.ca/collections/collection_2017/statcan/CS62-D-95-1948-eng.pdf |
| 986 | |a62-D-95 |